Frida Kahlo (Registro nro. 91729)

Detalles MARC
000 -ENCABEZADO
Número de control [NR] 00889nam a22002537a 4500
008 - DE LONGITUD FIJA DE DATOS DE ELEMENTOS - INFORMACIÓN GENERAL
Elementos de longitud fija [NR] 130821s2003 sp gr dspa
020 ## - NUMERO INTERNACIONAL NORMALIZADO PARA LIBROS [R]
Número Internacional Normalizado del libro [NR] 8477650020
040 ## - FUENTE DE CATALOGACION [NR]
Agencia de catalogación original [NR] Co-BoUCM
Idioma de catalogación [NR] spa
041 00 - CODIGO DE IDIOMA [R]
Código de idioma para texto/pista de sonido o título separado [R] Español
100 1# - ASIENTO PRINCIPAL--NOMBRE PERSONAL [NR]
Nombre personal [NR] Jamis, Rauda.
ID Autoridad 171737
245 10 - MENCION DE TITULO [NR]
Título [NR] Frida Kahlo
Mención de responsabilidad, etc. [NR] Rauda Jamis; traductor Joan Vinyoli, Michele Pendanx.
250 ## - MENCION DE EDICION [NR]
Mención de edición [NR] 18a. ed.
260 ## - PUBLICACION, DISTRIBUCION, ETC. (PIE DE IMPRENTA) [R]
Lugar de publicación, distribución, etc. [R] Barcelona (España)
Nombre del editor, distribuidor, etc. [R] Circe
Fecha de publicación, distribución, etc. [R] 2003
300 ## - DESCRIPCION FISICA [R]
Extensión [R] 358 páginas
504 ## - NOTA DE BIBLIOGRAFIA, ETC. [R]
Nota de bibliografía, etc. [NR]
600 ## - ASIENTO SECUNDARIO DE MATERIA - NOMBRE PERSONAL [R]
Nombre personal [NR] Kahlo, Frida
Fechas asociadas con el nombre [NR] 1910-1954
Subdivisión de forma [R] Biografías
9 (RLIN) 171738
600 ## - ASIENTO SECUNDARIO DE MATERIA - NOMBRE PERSONAL [R]
Nombre personal [NR] Kahlo, Frida
Fechas asociadas con el nombre [NR] 1910-1954
Subdivisión general [R] Crítica e interpretación, etc.
9 (RLIN) 171739
650 04 - ASIENTO SECUNDARIO DE MATERIA - TERMINO TEMATICO [R]
Término temático o nombre geográfico como elemento de entrada [NR] Artistas mexicanos
Subdivisión de forma [R] Biografías
9 (RLIN) 9582
650 04 - ASIENTO SECUNDARIO DE MATERIA - TERMINO TEMATICO [R]
Término temático o nombre geográfico como elemento de entrada [NR] Mujeres artistas
Subdivisión geográfica [R] México
9 (RLIN) 19887
700 1# - ASIENTO SECUNDARIO - NOMBRE PERSONAL [R]
Nombre personal [NR] Pendanx, Michele.
Término de relación [R]
9 (RLIN) 171705
700 1# - ASIENTO SECUNDARIO - NOMBRE PERSONAL [R]
Nombre personal [NR] Vinyoli, Joan.
Término de relación [R]
9 (RLIN) 159844
942 ## - ELEMENTOS DE ENTRADA AGREGADOS (KOHA)
Tipo de ítem principal el descrito en 300a Libro
Tema principal Arte
Edición 1
Parte restante de la signatura top. J325F
Sistema de clasificación DEWEY
Clasificación 759.972
Existencias
Fecha de último préstamo Total préstamos Total Renewals Signatura topográfica Código de barras Última vez visto Volúmen / Fascículo Ejemplar Price effective from Tipo de ítem Nota pública (OPAC) Perdido Sistema de clasificación Dañado No prestable Tipo de ítem específico Suprimido Ubicación habitual Ubicación actual Localización Fecha de creación Forma de adquisición Costo
24/02/2022 24 9 759.972 J325F 100067597 05/12/2025 18A. ED. Ej.1 03/02/2013 Libro Spot Artes Visuales   DEWEY     Libro   Claustro Claustro Mezanine 28/02/2004 Compra 50000.00